[Event "Corsica Masters op 18th"]
[Site "Bastia"]
[Date "2014.10.18"]
[Round "1"]
[White "Morel, Anthony"]
[Black "Edouard, Romain"]
[Result "1-0"]
[WhiteElo "1546"]
[BlackElo "2659"]
[PlyCount "55"]
[EventDate "2014.10.18"]
[EventType "swiss"]
[EventRounds "9"]
[EventCountry "FRA"]
[SourceTitle "EXT 2015"]
[Source "ChessBase"]
[SourceDate "2014.11.20"]
[SourceVersion "1"]
[SourceVersionDate "2014.11.20"]
[SourceQuality "1"]

1. e4 c5 2. Nf3 e6 3. d4 cxd4 4. Nxd4 Nc6 5. Nc3 a6 6. Nxc6 bxc6 7. Bd3 d5 8. 0-0 d4 9. Na4 Nf6 10. c3 c5 11. cxd4 cxd4 12. Bf4 Be7 13. Rc1 0-0 14. Bc7 Qe8 15. Nb6 Ra7 16. Bb8 Rb7 17. Rxc8 Rxb8 18. Rxe8 Rfxe8 19. Nc4 Nd7 20. Bc2 Bf6 21. Ba4 Red8 22. Bxd7 Rxd7 23. e5 Bg5 24. Nd6 Rxb2 25. Qxd4 Rd2 26. Qa4 Rd8 27. g3 Be7 28. Qf4 1-0